LIBRARY & INFORMATION CENTRE, KCAET, TAVANUR

ONLINE PUBLIC ACCESS CATALOGUE (OPAC)

Dairy cattle feeding and management / (Record no. 2963)

MARC details
000 -LEADER
fixed length control field 00486cam a2200193ua 4500
041 ## - LANGUAGE CODE
Language code of text/sound track or separate title ben
082 ## - DEWEY DECIMAL CLASSIFICATION NUMBER
Classification number 636.208
Item number REA/FE
100 ## - MAIN ENTRY--AUTHOR NAME
Personal name Reaves, Paul M .
245 ## - TITLE STATEMENT
Title Dairy cattle feeding and management /
250 ## - EDITION STATEMENT
Edition statement 5 /
260 ## - PUBLICATION, DISTRIBUTION, ETC. (IMPRINT)
Place of publication New Delhi :
Name of publisher Wiley Eastern Ltd ,
Year of publication 1969.
300 ## - PHYSICAL DESCRIPTION
Number of Pages 448 ; .
700 1# - ADDED ENTRY--PERSONAL NAME
Personal name Henderson , H O .
942 ## - ADDED ENTRY ELEMENTS (KOHA)
Koha item type Books
Holdings
Withdrawn status Lost status Damaged status Home library Current library Date acquired Full call number Accession Number Koha item type
      KAUAET KAUAET 07/04/2012 636.208 13631 Books
free website counter